| 000 -LEADER |
| fixed length control field |
00500nam a22001937a 4500 |
| 005 - DATE AND TIME OF LATEST TRANSACTION |
| control field |
20241031122646.0 |
| 008 - FIXED-LENGTH DATA ELEMENTS--GENERAL INFORMATION |
| fixed length control field |
210201b2004 eng||||| |||| 00| 0 eng d |
| 020 ## - INTERNATIONAL STANDARD BOOK NUMBER |
| International Standard Book Number |
0971218501 |
| 040 ## - CATALOGING SOURCE |
| Transcribing agency |
DLC |
| 041 ## - LANGUAGE CODE |
| Language code of text/sound track or separate title |
eng |
| 080 ## - UNIVERSAL DECIMAL CLASSIFICATION NUMBER |
| Universal Decimal Classification number |
65 |
| Item number |
B-50 |
| 100 ## - MAIN ENTRY--PERSONAL NAME |
| 9 (RLIN) |
749 |
| Personal name |
Berri,Tim |
| 245 ## - TITLE STATEMENT |
| Title |
Hurdle: The book on Business Plainig / Fifti edition |
| 260 ## - PUBLICATION, DISTRIBUTION, ETC. |
| Place of publication, distribution, etc. |
USA |
| Name of publisher, distributor, etc. |
Palo Alto Softvare,inc. |
| Date of publication, distribution, etc. |
2004 |
| 300 ## - PHYSICAL DESCRIPTION |
| Extent |
130 p. : |
| Other physical details |
ill |
| 650 #0 - SUBJECT ADDED ENTRY--TOPICAL TERM |
| 9 (RLIN) |
323 |
| Topical term or geographic name entry element |
Business |
| 653 ## - INDEX TERM--UNCONTROLLED |
| Uncontrolled term |
ბიზნესი |
| 942 ## - ADDED ENTRY ELEMENTS (KOHA) |
| Source of classification or shelving scheme |
|
| Koha item type |
Books |